000 00373nam a22001337a 4500
020 _a9789698535674
082 _a320
_bKHA
100 _aKhan, Ashfaque Hasan
245 _aRussia Ukraine Crisis:
_bdawn of a new world order ?
_cAshfaque Hasan Khan
260 _aIslamabad :
_bNUST Press,
_c2023.
300 _a132 p. ;
_c22 cm.
563 _aHBK.
942 _2ddc
_cBK
999 _c594523
_d594523